| 000 | 00738nam a2200205 a 4500 | ||
|---|---|---|---|
| 001 | 000035741 | ||
| 003 | DO-SdBNP | ||
| 005 | 20250128171937.0 | ||
| 008 | 111109s1973 dr 000 0 spa d | ||
| 040 |
_aDO-SdBNP _bspa _cBNPHU |
||
| 100 | 1 |
_aFaulkner, William _c1897-1962 _99781 |
|
| 240 | 1 | 0 | _aThe wild palms |
| 245 | 1 | 4 |
_aLas palmeras salvaje : _bWilliam Faulkner ; tradución de Jorge Luis Borges ; prólogo de Juan Benet / _c5a. ed. |
| 260 |
_aBuenos aires : _bEditorial Suramericana _bEDHASA, _c1973. |
||
| 300 |
_a320 p. ; _c19 p. |
||
| 490 | 0 | _aHorizonte | |
| 590 | _aPerteneció a la biblioteca personal de Juan Isidro Jiménez Grullón | ||
| 700 | 1 |
_aBorges, Jorge Luis, _d1899-1986 _etraducción _4tr. _94173 |
|
| 942 |
_2ddc _cLBS1 |
||
| 999 |
_c35232 _d35232 |
||